000
00250nam a2200109Ia 4500
008
200302s9999 xx 000 0 und d
100
_a
Lioyd Rodwin
245
_a
Cities and City Planning
260
_b
Plenum Press
260
_c
1981
300
_a
309 P.,
999
_c
5282
_d
5282